| 000 | 00780nam a2200277Ia 4500 | ||
|---|---|---|---|
| 001 | dia_4466 | ||
| 003 | CHAP | ||
| 005 | 20251027144520.0 | ||
| 008 | 220117s2002 xx 000 0 und d | ||
| 010 | _a175129 | ||
| 020 | _a84-8476-017-0 | ||
| 040 | _cCHAP | ||
| 082 | _a629.2538 c3 | ||
| 100 |
_aCamps Michelena, Manuel _918159 |
||
| 245 |
_aLos Biocombustibles / _c Manuel Campos Michelena |
||
| 260 |
_aMadrid, España : _b Mundi-Prensa, _c2002 |
||
| 300 | _a366 p. | ||
| 440 |
_aEnergías renovables _936919 |
||
| 500 | _aC/e c | ||
| 650 |
_aCombustibles _925554 |
||
| 650 |
_aRecursos Naturales _xUtilización _995321 |
||
| 901 | _a629.2538 C3 | ||
| 902 | _aM | ||
| 905 | _a0000002002 sp AM 0000000000spa00 | ||
| 942 |
_cLIBRO _2ddc |
||
| 999 |
_c175129 _d175129 |
||